000 00751nab a22002297a 4500
001 10544
003 HDC
007 cr bn ---aaaaa
008 210128c20141119my ||||o |||| 00| 00eng d
040 _aHDC
245 0 _aBosnet Company as the World's First Producer of Halal Fish Food
336 _atext
_2rdacontent
337 _acomputer
_2rdamedia
338 _aonline resource
_2rdacarrier
650 _aFood
_xReligious aspect
_xIslam
_97432
650 _aHalal food industry
_9128
710 _aSarajevo Times
856 _zRequest full-text at [email protected]
942 _2lcc
942 _cNEWS
942 _kNWSO 001427
999 _c7867
_d7867